| 000 | 00591nam a22001937a 4500 | ||
|---|---|---|---|
| 005 | 20251108165221.0 | ||
| 008 | 250721s1991 xx 000 0 ara d | ||
| 082 | 1 | 4 | _a610.956/ماه |
| 100 | 1 | _aمحمد، ماهر عبد القادر | |
| 245 | 1 | 0 | _aدراسات و شخصيات في تاريخ الطب العربي / |
| 264 | 1 |
_aالاسكندرية : _bدار المعرفة الجامعية، _c1991. |
|
| 300 | _a518ص | ||
| 650 | 1 | 7 | _aالطب |
| 650 | 1 | 7 | _aتاريخ العرب |
| 650 | 1 | 7 | _aالتراجم |
| 650 | 1 | 7 | _aالأطباء |
| 942 |
_2ddc _cBK |
||
| 999 |
_c22374 _d22374 |
||